Nové trendy v marketingovej komunikácii diplomová práca

Gespeichert in:
Bibliographische Detailangaben
1. Verfasser: Horník, Matúš
Körperschaft: Obchodná fakulta EU. Katedra marketingu
Weitere Verfasser: Balhar, Vítězslav, Jr
Format: Buch
Sprache:Slowakisch
Veröffentlicht: Bratislava 2014
Tags: Tag hinzufügen
Keine Tags, Fügen Sie das erste Tag hinzu!

MARC

LEADER 00000nbm a2200000 4500
001 0186189
005 20170201095259.4
041 0 |a slo 
044 |a SK 
245 1 0 |a Nové trendy v marketingovej komunikácii  |b diplomová práca  |c Matúš Horník ; školiteľ: Vítězslav Balhar 
264 1 |a Bratislava  |c 2014 
300 |a 86 s. 
100 1 |a Horník, Matúš 
700 1 |a Balhar, Vítězslav, Jr. 
710 2 |a Obchodná fakulta EU. Katedra marketingu